Islamic Monuments in Cairo (Record no. 18313)

MARC details
000 -LEADER
fixed length control field 00611nam a2200241 a 4500
020 ## - INTERNATIONAL STANDARD BOOK NUMBER
ISBN
082 00 - DEWEY DECIMAL CLASSIFICATION NUMBER
Classification number 722.20462
Author Cutter WIL
100 ## - MAIN ENTRY--AUTHOR NAME
Author name Williams, Caroline
245 ## - TITLE STATEMENT
Title Islamic Monuments in Cairo
Sub title a Practical Guide
260 ## - PUBLICATION, DISTRIBUTION, ETC. (IMPRINT)
Place of publication Cairo
Name of publisher American University
Year of publication 1993
300 ## - PHYSICAL DESCRIPTION
Number of Pages 311p
500 ## - GENERAL NOTE
General note includes index and biblioraphy
505 2# - FORMATTED CONTENTS NOTE
Formatted contents note Notes, Index
650 ## - SUBJECT ADDED ENTRY--TOPICAL TERM
Topical Term Monuments-Egypt
942 ## - ADDED ENTRY ELEMENTS (KOHA)
Koha item type Books
700 1# -
-- Williams, Caroline
Holdings
Collection code Home library Current library Date acquired Cost, normal purchase price Full call number Accession Number Koha item type
  Henry Martyn Institute Library Henry Martyn Institute Library 06/15/2007 300.00 722.20462 WIL 11001616 Books
                   Copyright © 2026 | Henry Martyn Institute | Hyderabad | TS-500052 | INDIA | Implemented by hmi.edu.in
Hit-Count:

Powered by Koha